| Tag |
First Indicator |
Second Indicator |
Subfields |
| LEADER |
00000cam a2200000 4500 |
| 001 |
in00000211521 |
| 005 |
20151009054917.0 |
| 008 |
750606s1928 nyuafh 00010 eng |
| 010 |
|
|
|a 28023547
|
| 035 |
|
|
|a (OCoLC)01378958
|
| 035 |
|
|
|9 AAW9341AM
|
| 040 |
|
|
|c DZM
|d TXA
|d UtOrBLW
|
| 049 |
|
|
|a TXAM
|c [38653]
|
| 050 |
0 |
0 |
|a PE1075
|b .M3
|
| 100 |
1 |
|
|a McKnight, George Harley,
|d 1871-1951.
|
| 245 |
1 |
0 |
|a Modern English in the making /
|c by George H. McKnight with the assistance of Bert Emsley.
|
| 264 |
|
1 |
|a New York, London :
|b D. Appleton and company,
|c [1928]
|
| 300 |
|
|
|a xii pages, 1 leaf, 590 pages :
|b frontispiece, illustrations, plate, facsimiles ;
|c 21 cm.
|
| 336 |
|
|
|a text
|b txt
|2 rdacontent
|
| 337 |
|
|
|a unmediated
|b n
|2 rdamedia
|
| 338 |
|
|
|a volume
|b nc
|2 rdacarrier
|
| 650 |
|
0 |
|a English language
|x History.
|
| 650 |
|
0 |
|a English language
|x Grammar, Historical.
|
| 700 |
1 |
|
|a Emsley, Bert,
|d 1889-
|
| 999 |
|
|
|a MARS
|
| 999 |
f |
f |
|s c4a6b3bf-fe6f-33d7-b3f9-d8b0875343d8
|i 04ee8e5a-9e10-3ebf-8a16-77c49c25d2d8
|t 0
|
| 952 |
f |
f |
|p ric
|a Texas A&M University
|b Rellis Campus
|c Joint Library Facility
|s JLF
|d Remote Storage
|t 0
|e PE1075 .M3
|h Library of Congress classification
|i unmediated -- volume
|m A14803581442
|
| 998 |
f |
f |
|a PE1075 .M3
|t 0
|l Remote Storage
|